Journal of European Economy [Scientific Economic Journal of Ternopil National Economic University]
Salvato in:
| Natura: | Periodico |
|---|---|
| Lingua: | inglese ucraino russo |
| Pubblicazione: |
Ternopil
Ternopil National Economic University
|
| Tags: |
Nessun Tag, puoi essere il primo ad aggiungerne!!
|
MARC
| LEADER | 00000nas1a2200000 4500 | ||
|---|---|---|---|
| 001 | 0278976 | ||
| 005 | 20230327140539.7 | ||
| 022 | |a 2519-4089 | ||
| 022 | |a 2519-4070 | ||
| 041 | 0 | |a eng | |
| 041 | 0 | |a ukr | |
| 041 | 0 | |a rus | |
| 044 | |a UA | ||
| 245 | 1 | 0 | |a Journal of European Economy |b [Scientific Economic Journal of Ternopil National Economic University] |
| 264 | 1 | |a Ternopil |b Ternopil National Economic University | |